Моделирование состояния сложных систем: монография

Detalhes bibliográficos
Corporate Authors: Национальный исследовательский Томский политехнический университет (ТПУ), Сибирский государственный медицинский университет (СибГМУ)
Outros Autores: Берестнева О. Г. Ольга Григорьевна, Пеккер Я. С. Яков Семенович, Шаропин К. А. Константин Александрович, Муратова Е. А. Елена Анатольевна
Resumo:В монографии отражены результаты в области моделирования состояния сложных систем. Рассмотрены методы анализа, оценки и прогнозирования состояния сложных систем на примере биосистем.Предназначена для специалистов в области прикладной математики и информатики.Монография подготовлена в рамках проекта № 1957 Госзадания «Наука» Министерства образования и науки и частично поддержана грантом РФФИ, проект 14-06-00026.
Idioma:russo
Publicado em: Томск, Изд-во ТПУ, 2014
Assuntos:
Formato: MixedMaterials Livro
KOHA link:https://koha.lib.tpu.ru/cgi-bin/koha/opac-detail.pl?biblionumber=293481

MARC

LEADER 00000nam0a2200000 4500
001 293481
005 20260414110137.0
010 |a 9785438705161 
035 |a (RuTPU)RU\TPU\book\318509 
090 |a 293481 
100 |a 20150430d2014 k y0rusy50 ca 
101 0 |a rus 
102 |a RU 
105 |a a z 001zy 
200 1 |a Моделирование состояния сложных систем  |e монография  |f О. Г. Берестнева [и др.]  |g Национальный исследовательский Томский политехнический университет (ТПУ) ; Сибирский государственный медицинский университет (СибГМУ) 
210 |a Томск  |c Изд-во ТПУ  |d 2014 
215 |a 139 с.  |c ил. 
320 |a Библиогр.: с. 134-136. 
330 |a В монографии отражены результаты в области моделирования состояния сложных систем. Рассмотрены методы анализа, оценки и прогнозирования состояния сложных систем на примере биосистем.Предназначена для специалистов в области прикладной математики и информатики.Монография подготовлена в рамках проекта № 1957 Госзадания «Наука» Министерства образования и науки и частично поддержана грантом РФФИ, проект 14-06-00026. 
606 1 |a Сложные системы  |x Моделирование  |2 stltpush  |3 (RuTPU)RU\TPU\subj\55200  |9 73260 
610 1 |a анализ 
610 1 |a оценка 
610 1 |a прогнозирование 
610 1 |a слабоструктурированные данные 
610 1 |a многомерные данные 
610 1 |a визуализация 
610 1 |a экспериментальные данные 
610 1 |a труды учёных ТПУ 
610 1 |a монографии 
675 |a 681.51.015.26  |v 4 
701 1 |a Берестнева  |b О. Г.  |c специалист в области информатики и вычислительной техники  |c профессор Томского политехнического университета, доктор технических наук  |f 1953-  |g Ольга Григорьевна  |3 (RuTPU)RU\TPU\pers\24545  |9 10845 
701 1 |a Пеккер  |b Я. С.  |c специалист в области электроники и медицинской техники  |c профессор Томского политехнического университета, кандидат технических наук  |f 1940-  |g Яков Семенович  |3 (RuTPU)RU\TPU\pers\25941  |9 11791 
701 1 |a Шаропин  |b К. А.  |c специалист в области информатики и вычислительной техники  |c доцент Томского политехнического университета, кандидат технических наук  |f 1972-  |g Константин Александрович  |3 (RuTPU)RU\TPU\pers\27093  |9 12643 
701 1 |a Муратова  |b Е. А.  |c специалист в области оценки качества образования  |c доцент Томского политехнического университета, кандидат технических наук  |f 1974-  |g Елена Анатольевна  |3 (RuTPU)RU\TPU\pers\26669  |9 12327 
712 0 2 |a Национальный исследовательский Томский политехнический университет (ТПУ)  |c (2009- )  |3 (RuTPU)RU\TPU\col\15902 
712 0 2 |a Сибирский государственный медицинский университет (СибГМУ)  |c (Томск)  |c (1992- )  |3 (RuTPU)RU\TPU\col\1642 
801 2 |a RU  |b 63413507  |c 20150903  |g RCR 
942 |c BK